| 000 | 01019nam a22002177a 4500 | ||
|---|---|---|---|
| 005 | 20251008085852.0 | ||
| 008 | s2556 th tha d | ||
| 020 | _a9786167073736 | ||
| 040 | _aNALT | ||
| 041 | _atha | ||
| 090 |
_aKA 11 _bร421พ 2556 |
||
| 110 | 2 |
_aราชบัณฑิตยสถาน _94278 |
|
| 245 | 1 | 0 |
_aพจนานุกรมศัพท์กฎหมายไทย ฉบับราชบัณฑิตยสถาน / _cราชบัณฑิตยสถาน. |
| 250 | _aพิมพ์ครั้งที่ 4 (แก้ไขเพิ่มเติม) | ||
| 260 |
_aกรุงเทพฯ : _bราชบัณฑิตยสถาน, _c2556. |
||
| 300 |
_a614 หน้า ; _b 22 ซม. |
||
| 650 | 0 |
_aกฎหมาย _zไทย _xพจนานุกรม _96200 |
|
| 850 | _aNALT | ||
| 942 |
_cLB _2local |
||
| 998 |
_j1020 _k นางจำเรียง ระวังสำโรง |
||
| 999 |
_c69676 _d69676 |
||